000 00428nam a2200157 i 4500
001 65055
003 ES-MaACL
005 20230906165305.0
007 t|
008 040108s1973 sp ||||1| spa d
100 1 _aFranquelo, Rafael.
_952342
245 1 0 _aAislada órbita /
_cRafael Franquelo.
260 _aLas Palmas de Gran Canaria :
_b[s.n.],
_c1973.
300 _a218 p. ;
_c21 cm.
852 _aES-MaACL
_jC-52001
_bR.85275
999 _c65055
_d65055